书目信息 |
| 题名: |
秦淮春暖翻红袖——卞玉京
|
|
| 作者: | 赵英媛 著 | |
| 分册: | ||
| 出版信息: | 北京 金城出版社 2014.9 |
|
| 页数: | 233页 | |
| 开本: | 21cm | |
| 丛书名: | 秦淮八艳 | |
| 单 册: | ||
| 中图分类: | K828.5=49 | |
| 科图分类: | ||
| 主题词: | 传记文学--Chuan Ji Wen Xue--中国--当代 , 中国--Zhong Guo | |
| 电子资源: | ||
| ISBN: | 978-7-5155-1079-8 | |
| 000 | 01151nam0 22002891 450 | |
| 001 | 349762 | |
| 005 | 20161010154544.78 | |
| 010 | @a978-7-5155-1079-8@dCNY29.80 | |
| 100 | @a20140916d2014 em y0chiy50 ea | |
| 101 | 0 | @achi |
| 102 | @aCN@b110000 | |
| 105 | @ay z 000zd | |
| 106 | @ar | |
| 200 | 1 | @a秦淮春暖翻红袖——卞玉京@AQin Huai Chun Nuan Fan Hong Xiu Bian Yu Jing@f赵英媛著 |
| 210 | @a北京@c金城出版社@d2014.9 | |
| 215 | @a233页@d21cm | |
| 225 | 2 | @a秦淮八艳@AQin Huai Ba Yan |
| 300 | @a博中阳·人物传记 | |
| 330 | @a本书描述了卞玉京与吴伟业(骏公)的爱情,从相识,相恋,背叛,最后卞玉京入道,再相逢,决心离开。她的一生无不是围绕吴伟业这一男子,爱得最深,伤的最深,在缠缠绵绵,纠纠缠缠之间,成就了一段佳话。卞玉京敢爱敢恨,敢说敢做的侠女个性,更是让她在人们心里留下了一丝感慨。而她的小楷,兰花,诗词也是当时红遍金陵的佳作。 | |
| 461 | 0 | @12001 @a秦淮八艳 |
| 606 | 0 | @a传记文学@AChuan Ji Wen Xue@y中国@z当代 |
| 606 | 0 | @a中国@AZhong Guo |
| 610 | 0 | @a卞玉京(1623-1665)@ABian Yu Jing (1623-1665) |
| 690 | @aK828.5=49@v5 | |
| 701 | 0 | @a赵英媛@AZhao Ying Yuan@4著 |
| 801 | 0 | @aCN@bTANGWEI@20160802 |
| 905 | @b0886635-9@dK828.5=49@e56ZY@f5 | |
| 秦淮春暖翻红袖——卞玉京/赵英媛著 .-北京:金城出版社,2014.9 |
| 233页;21cm.-(秦淮八艳) |
| 博中阳·人物传记 |
| ISBN 978-7-5155-1079-8:CNY29.80 |
| 本书描述了卞玉京与吴伟业(骏公)的爱情,从相识,相恋,背叛,最后卞玉京入道,再相逢,决心离开。她的一生无不是围绕吴伟业这一男子,爱得最深,伤的最深,在缠缠绵绵,纠纠缠缠之间,成就了一段佳话。卞玉京敢爱敢恨,敢说敢做的侠女个性,更是让她在人们心里留下了一丝感慨。而她的小楷,兰花,诗词也是当时红遍金陵的佳作。 |
| ● |
| 相关链接 |
|
|
|
|
正题名:秦淮春暖翻红袖——卞玉京
索取号:K828.5=49/56ZY
 
预约/预借
| 序号 | 登录号 | 条形码 | 馆藏地/架位号 | 状态 | 备注 |
| 1 | 0886635 | 208866351 | 第二样本阅览室/ [索取号:K828.5=49/56ZY] | 在馆 | |
| 2 | 0886636 | 208866360 | 密集书库-史法系/ [索取号:K828.5=49/56ZY] | 在馆 | |
| 3 | 0886637 | 208866379 | 第二借阅区/ [索取号:K828.5=49/56ZY] | 在馆 | |
| 4 | 0886638 | 208866388 | 第二借阅区/ [索取号:K828.5=49/56ZY] | 在馆 | |
| 5 | 0886639 | 208866397 | 第二借阅区/ [索取号:K828.5=49/56ZY] | 在馆 |